000
00319nam a2200121Ia 4500
008
220204s9999 xx 000 0 und d
082
_a
631.3:621
_b
WAK
100
_a
WAKEMAN, T J
245
0
_a
Modern agricultural mechanics
260
_a
Illinois
_b
Interstate Pub
_c
1977
650
_a
Agricultural mechanics
942
_c
BK
999
_c
36407
_d
36407